[Event "DVM U10 2016"]
[Site "Magdeburg GER"]
[Date "2016.12.29"]
[Round "7"]
[White "Klühs, Gustaf"]
[Black "Lerchl, Clemens"]
[Result "1-0"]
[Termination "normal"]
[Board "4.1"]
[WhiteElo "1620"]
[BlackElo "1499"]
[WhiteClock "00:39:10"]
[BlackClock "00:37:36"]
[WhiteTeam "SC Borussia 1920 Friedrichsfelde"]
[BlackTeam "SC Vaterstetten"]
[PlyCount "61"]
[WhiteFideId "16228936"]
[BlackFideId "16226372"]
[EventCountry "GER"]
[EventRounds "7"]
[EventType "team-swiss"]
[EventDate "2016.12.27"]

1. d4 {[%clk 0:59:59]} Nf6 {[%clk 0:59:55]} 2. Nd2 {[%clk 0:59:53]} d5 {[%clk
0:59:37]} 3. Ngf3 {[%clk 0:59:48]} Bf5 {[%clk 0:59:31]} 4. c4 {[%clk 0:59:38]}
e6 {[%clk 0:59:18]} 5. e3 {[%clk 0:59:31]} Bd6 {[%clk 0:58:46]} 6. c5 {[%clk
0:59:16]} Be7 {[%clk 0:58:37]} 7. b4 {[%clk 0:58:59]} a6 {[%clk 0:58:32]} 8.
Bb2 {[%clk 0:58:48]} b6 {[%clk 0:57:18]} 9. Nb3 {[%clk 0:58:04]} O-O {[%clk
0:56:40]} 10. Bd3 {[%clk 0:57:51]} Bxd3 {[%clk 0:55:36]} 11. Qxd3 {[%clk
0:57:43]} Re8 {[%clk 0:52:49]} 12. O-O {[%clk 0:56:13]} Nbd7 {[%clk 0:52:37]}
13. a3 {[%clk 0:53:34]} Nf8 {[%clk 0:52:18]} 14. Ne5 {[%clk 0:52:44]} b5 {[%clk
0:49:58]} 15. Na5 {[%clk 0:51:40]} N8d7 16. f4 {[%clk 0:48:26]} Nxe5 {[%clk
0:47:29]} 17. fxe5 {[%clk 0:47:46]} Nd7 {[%clk 0:47:16]} 18. Nc6 {[%clk
0:47:29]} Qc8 {[%clk 0:47:06]} 19. Nxe7+ {[%clk 0:47:22]} Rxe7 {[%clk 0:47:01]}
20. Rf3 {[%clk 0:46:29]} f6 {[%clk 0:44:34]} 21. Rh3 {[%clk 0:44:32]} f5 {[%clk
0:43:57]} 22. Rf1 {[%clk 0:43:30]} g6 {[%clk 0:43:48]} 23. Rf4 {[%clk 0:42:57]}
g5 {[%clk 0:42:24]} 24. Rf1 {[%clk 0:42:46]} Rg7 {[%clk 0:41:54]} 25. Rhf3
{[%clk 0:42:16]} Qb7 {[%clk 0:40:12]} 26. Qc2 {[%clk 0:40:27]} Rf8 {[%clk
0:39:06]} 27. c6 {[%clk 0:40:19]} Qc8 {[%clk 0:38:40]} 28. cxd7 {[%clk
0:40:02]} Qxd7 {[%clk 0:38:33]} 29. g4 {[%clk 0:39:36]} Qc8 {[%clk 0:37:45]}
30. gxf5 {[%clk 0:39:24]} exf5 {[%clk 0:37:36]} 31. Rxf5 {[%clk 0:39:10]} 1-0

[Event "DVM U10 2016"]
[Site "Magdeburg GER"]
[Date "2016.12.29"]
[Round "7"]
[White "Kraftsik, Christian"]
[Black "Zielke, Ansgar"]
[Result "1/2-1/2"]
[Termination "normal"]
[Board "4.2"]
[WhiteElo "1136"]
[BlackElo "1356"]
[WhiteClock "00:37:13"]
[BlackClock "00:34:33"]
[WhiteTeam "SC Vaterstetten"]
[BlackTeam "SC Borussia 1920 Friedrichsfelde"]
[PlyCount "71"]
[WhiteFideId "16242548"]
[BlackFideId "16244800"]
[EventCountry "GER"]
[EventRounds "7"]
[EventType "team-swiss"]
[EventDate "2016.12.27"]

1. e4 {[%clk 0:59:59]} c5 {[%clk 0:59:56]} 2. Nf3 {[%clk 0:59:56]} Nc6 {[%clk
0:59:51]} 3. d3 {[%clk 0:59:52]} e6 {[%clk 0:59:47]} 4. g3 {[%clk 0:59:48]} d5
{[%clk 0:59:43]} 5. Nbd2 {[%clk 0:59:37]} Nf6 {[%clk 0:58:36]} 6. Bg2 {[%clk
0:59:14]} dxe4 {[%clk 0:57:40]} 7. dxe4 {[%clk 0:59:02]} Be7 {[%clk 0:57:33]}
8. O-O {[%clk 0:58:56]} O-O {[%clk 0:56:57]} 9. Re1 {[%clk 0:58:37]} Re8 {[%clk
0:55:40]} 10. b3 {[%clk 0:58:07]} Bd7 {[%clk 0:54:54]} 11. Bb2 {[%clk 0:57:56]}
Qc7 {[%clk 0:54:42]} 12. Nc4 {[%clk 0:57:20]} Rad8 {[%clk 0:53:29]} 13. Qe2
{[%clk 0:57:03]} Bf8 {[%clk 0:52:32]} 14. Nfe5 {[%clk 0:55:59]} Nxe5 {[%clk
0:52:23]} 15. Bxe5 {[%clk 0:55:51]} Qc6 {[%clk 0:51:25]} 16. Bxf6 {[%clk
0:55:19]} gxf6 {[%clk 0:51:15]} 17. e5 {[%clk 0:55:10]} Qc7 {[%clk 0:50:57]}
18. exf6 {[%clk 0:55:04]} Bc6 {[%clk 0:50:27]} 19. Qg4+ {[%clk 0:53:49]} Kh8
{[%clk 0:50:20]} 20. Bxc6 {[%clk 0:53:19]} bxc6 {[%clk 0:49:11]} 21. Re5 {[%clk
0:51:25]} Rd5 {[%clk 0:45:56]} 22. Rae1 {[%clk 0:50:23]} Red8 {[%clk 0:45:22]}
23. Rg5 {[%clk 0:49:14]} Rxg5 {[%clk 0:43:08]} 24. Qxg5 {[%clk 0:49:06]} h6
{[%clk 0:42:38]} 25. Qg4 {[%clk 0:47:23]} Rd4 {[%clk 0:42:13]} 26. f4 {[%clk
0:46:53]} Qd8 {[%clk 0:38:22]} 27. Qh4 {[%clk 0:46:05]} Kh7 {[%clk 0:38:10]}
28. Ne5 {[%clk 0:45:35]} Qe8 {[%clk 0:37:53]} 29. Nf3 {[%clk 0:44:06]} Rd8
{[%clk 0:36:52]} 30. f5 {[%clk 0:43:01]} Rd6 {[%clk 0:36:11]} 31. Qh5 {[%clk
0:42:11]} Kg8 {[%clk 0:35:23]} 32. fxe6 Rxe6 {[%clk 0:35:10]} 33. Qg4+ {[%clk
0:39:55]} Kh8 {[%clk 0:34:48]} 34. Rxe6 {[%clk 0:39:05]} Qxe6 {[%clk 0:34:40]}
35. Qxe6 {[%clk 0:38:55]} fxe6 {[%clk 0:34:33]} 36. Kf2 {[%clk 0:37:13]}
1/2-1/2

[Event "DVM U10 2016"]
[Site "Magdeburg GER"]
[Date "2016.12.29"]
[Round "7"]
[White "Ermitsch, Magnus"]
[Black "Heinitz, Arthur"]
[Result "1-0"]
[Termination "normal"]
[Board "4.3"]
[WhiteElo "1122"]
[BlackElo "776"]
[WhiteClock "00:43:57"]
[BlackClock "00:47:45"]
[WhiteTeam "SC Borussia 1920 Friedrichsfelde"]
[BlackTeam "SC Vaterstetten"]
[PlyCount "49"]
[WhiteFideId "16234464"]
[EventCountry "GER"]
[EventRounds "7"]
[EventType "team-swiss"]
[EventDate "2016.12.27"]

1. e4 {[%clk 0:59:59]} e5 {[%clk 0:59:56]} 2. Nf3 {[%clk 0:59:45]} Nc6 {[%clk
0:59:52]} 3. d4 {[%clk 0:59:32]} d6 {[%clk 0:58:59]} 4. dxe5 {[%clk 0:59:20]}
Bg4 {[%clk 0:58:20]} 5. exd6 {[%clk 0:58:40]} Bxd6 {[%clk 0:58:07]} 6. Be2
{[%clk 0:58:07]} Nf6 {[%clk 0:57:59]} 7. h3 {[%clk 0:57:24]} Bxf3 {[%clk
0:57:42]} 8. Bxf3 {[%clk 0:57:15]} O-O {[%clk 0:57:31]} 9. O-O {[%clk 0:57:05]}
h6 {[%clk 0:57:00]} 10. Nc3 {[%clk 0:56:51]} Qc8 {[%clk 0:55:55]} 11. Be3
{[%clk 0:56:07]} Ne5 {[%clk 0:55:16]} 12. Be2 {[%clk 0:55:30]} Ned7 {[%clk
0:54:40]} 13. f4 {[%clk 0:50:42]} Nb6 {[%clk 0:53:48]} 14. e5 {[%clk 0:50:17]}
Bb4 {[%clk 0:52:05]} 15. exf6 {[%clk 0:49:45]} g6 {[%clk 0:51:49]} 16. a3
{[%clk 0:49:05]} Bd6 {[%clk 0:51:30]} 17. Qe1 {[%clk 0:48:38]} Kh7 {[%clk
0:50:34]} 18. Qh4 {[%clk 0:47:41]} Rh8 {[%clk 0:50:02]} 19. Bg4 {[%clk
0:46:50]} Qe8 {[%clk 0:49:45]} 20. Rfe1 {[%clk 0:45:56]} Qc6 {[%clk 0:49:06]}
21. f5 {[%clk 0:45:26]} g5 {[%clk 0:48:55]} 22. Bxg5 {[%clk 0:44:47]} Qc5+
{[%clk 0:48:38]} 23. Be3 {[%clk 0:44:18]} Qe5 {[%clk 0:48:02]} 24. Qxh6+ {[%clk
0:43:57]} Kg8 {[%clk 0:47:45]} 25. Qg7# 1-0

[Event "DVM U10 2016"]
[Site "Magdeburg GER"]
[Date "2016.12.29"]
[Round "7"]
[White "Lerchl, Justus"]
[Black "Neumann, Jasper"]
[Result "0-1"]
[Termination "normal"]
[Board "4.4"]
[WhiteElo "951"]
[BlackElo "1011"]
[WhiteClock "00:35:24"]
[BlackClock "00:51:37"]
[WhiteTeam "SC Vaterstetten"]
[BlackTeam "SC Borussia 1920 Friedrichsfelde"]
[PlyCount "74"]
[WhiteFideId "16240677"]
[EventCountry "GER"]
[EventRounds "7"]
[EventType "team-swiss"]
[EventDate "2016.12.27"]

1. e4 {[%clk 0:59:59]} e5 {[%clk 0:59:55]} 2. d4 {[%clk 0:59:55]} d6 {[%clk
0:59:49]} 3. dxe5 {[%clk 0:59:33]} dxe5 {[%clk 0:59:41]} 4. Qxd8+ {[%clk
0:59:21]} Kxd8 {[%clk 0:59:31]} 5. Nf3 {[%clk 0:59:15]} f6 {[%clk 0:59:21]} 6.
Bc4 {[%clk 0:59:12]} Nc6 {[%clk 0:59:05]} 7. O-O {[%clk 0:59:06]} Bg4 {[%clk
0:58:50]} 8. Be3 {[%clk 0:58:47]} Bb4 {[%clk 0:58:13]} 9. c3 {[%clk 0:58:09]}
Ba5 {[%clk 0:58:04]} 10. b4 {[%clk 0:57:59]} Bb6 {[%clk 0:58:00]} 11. Bxb6
{[%clk 0:57:50]} axb6 {[%clk 0:57:55]} 12. Nbd2 {[%clk 0:57:29]} Nge7 {[%clk
0:57:35]} 13. Rfd1 {[%clk 0:57:17]} Ke8 {[%clk 0:57:18]} 14. Re1 {[%clk
0:56:38]} Ng6 {[%clk 0:56:56]} 15. b5 {[%clk 0:56:09]} Na5 {[%clk 0:56:47]} 16.
Bd3 {[%clk 0:55:13]} c6 {[%clk 0:56:26]} 17. Nb1 {[%clk 0:54:26]} Rd8 {[%clk
0:56:15]} 18. Bf1 {[%clk 0:54:09]} Nf4 {[%clk 0:55:51]} 19. g3 {[%clk 0:53:33]}
Ng6 {[%clk 0:55:24]} 20. a4 {[%clk 0:53:11]} Bxf3 {[%clk 0:55:17]} 21. Nd2
{[%clk 0:51:23]} Rxd2 {[%clk 0:55:05]} 22. Rac1 {[%clk 0:50:45]} Nb3 {[%clk
0:54:38]} 23. Rb1 {[%clk 0:50:27]} Nc5 {[%clk 0:54:27]} 24. Ra1 {[%clk
0:47:25]} Nxe4 {[%clk 0:54:13]} 25. Bg2 {[%clk 0:45:44]} Rxf2 {[%clk 0:54:00]}
26. Bxf3 Rxf3 27. Rxe4 {[%clk 0:43:54]} Kf7 {[%clk 0:53:44]} 28. Rc4 {[%clk
0:43:25]} Rc8 {[%clk 0:53:31]} 29. Rd1 {[%clk 0:42:53]} Rc7 {[%clk 0:53:15]}
30. Rd8 {[%clk 0:42:03]} Ne7 {[%clk 0:53:01]} 31. Rd1 {[%clk 0:39:25]} Nd5
{[%clk 0:52:49]} 32. Rc1 {[%clk 0:39:12]} Ne3 {[%clk 0:52:40]} 33. Re1 {[%clk
0:38:13]} Nxc4 {[%clk 0:52:32]} 34. Re4 {[%clk 0:37:31]} Nd6 {[%clk 0:52:20]}
35. Re1 {[%clk 0:37:02]} cxb5 {[%clk 0:52:02]} 36. Rd1 {[%clk 0:35:36]} Ne4
{[%clk 0:51:37]} 37. Re1 {[%clk 0:35:24]} Ng5 0-1

[Event "DVM U10 2016"]
[Site "Magdeburg GER"]
[Date "2016.12.29"]
[Round "7"]
[White "Lox, Nils Norman"]
[Black "Thomas, Anton"]
[Result "1-0"]
[Termination "normal"]
[Board "5.1"]
[WhiteElo "1510"]
[BlackElo "1187"]
[WhiteClock "00:37:15"]
[BlackClock "00:20:31"]
[WhiteTeam "SC Eintracht Berlin"]
[BlackTeam "SC Erlangen"]
[PlyCount "71"]
[WhiteFideId "16221389"]
[EventCountry "GER"]
[EventRounds "7"]
[EventType "team-swiss"]
[EventDate "2016.12.27"]

1. d4 {[%clk 0:59:59]} d5 {[%clk 0:59:36]} 2. Nf3 {[%clk 0:59:56]} Bf5 {[%clk
0:58:53]} 3. e3 {[%clk 0:59:51]} Nf6 {[%clk 0:58:07]} 4. Bd3 {[%clk 0:59:39]}
e6 {[%clk 0:57:15]} 5. c3 {[%clk 0:59:20]} Bd6 {[%clk 0:56:10]} 6. Qe2 {[%clk
0:58:53]} Nbd7 {[%clk 0:54:54]} 7. Nbd2 {[%clk 0:58:08]} O-O {[%clk 0:53:52]}
8. O-O {[%clk 0:57:38]} c5 {[%clk 0:52:45]} 9. e4 {[%clk 0:56:09]} dxe4 {[%clk
0:51:03]} 10. Nxe4 {[%clk 0:55:48]} Bxe4 {[%clk 0:50:30]} 11. Bxe4 {[%clk
0:55:41]} Re8 {[%clk 0:49:27]} 12. Bxb7 {[%clk 0:54:12]} Rb8 {[%clk 0:48:27]}
13. Bc6 {[%clk 0:53:27]} Qc7 {[%clk 0:46:50]} 14. Bxd7 {[%clk 0:52:41]} Qxd7
{[%clk 0:45:57]} 15. Bg5 {[%clk 0:51:52]} Ng4 {[%clk 0:43:35]} 16. h3 {[%clk
0:51:35]} h6 {[%clk 0:43:14]} 17. hxg4 {[%clk 0:51:01]} hxg5 {[%clk 0:42:58]}
18. Nxg5 {[%clk 0:50:39]} Kf8 {[%clk 0:41:30]} 19. Rad1 {[%clk 0:49:44]} f6
{[%clk 0:40:09]} 20. Ne4 {[%clk 0:48:48]} Bc7 {[%clk 0:37:58]} 21. Nxc5 {[%clk
0:48:03]} Qd6 {[%clk 0:37:49]} 22. g3 {[%clk 0:47:49]} Kf7 {[%clk 0:36:54]} 23.
Na6 {[%clk 0:46:59]} Rb6 {[%clk 0:34:38]} 24. Nxc7 {[%clk 0:46:49]} Qxc7 {[%clk
0:34:31]} 25. Rfe1 {[%clk 0:45:56]} Qb7 {[%clk 0:33:14]} 26. b3 {[%clk
0:44:32]} Rh8 {[%clk 0:33:02]} 27. f3 {[%clk 0:43:24]} Qc7 {[%clk 0:30:34]} 28.
Kg2 {[%clk 0:41:18]} Rc6 {[%clk 0:28:06]} 29. c4 {[%clk 0:40:47]} Qa5 {[%clk
0:25:20]} 30. d5 {[%clk 0:39:34]} exd5 {[%clk 0:23:47]} 31. Qe7+ {[%clk
0:39:05]} Kg6 {[%clk 0:23:33]} 32. Rxd5 {[%clk 0:37:58]} Qxa2+ {[%clk 0:23:18]}
33. Re2 {[%clk 0:37:41]} Rc7 {[%clk 0:21:33]} 34. Qe4+ {[%clk 0:37:28]} f5
{[%clk 0:20:52]} 35. Qxf5+ {[%clk 0:37:15]} Kh6 {[%clk 0:20:31]} 36. Qh5# 1-0

[Event "DVM U10 2016"]
[Site "Magdeburg GER"]
[Date "2016.12.29"]
[Round "7"]
[White "Isbilir, Seydi"]
[Black "Raasch, Hauke"]
[Result "0-1"]
[Termination "normal"]
[Board "5.2"]
[WhiteElo "1091"]
[BlackElo "1587"]
[WhiteClock "00:18:35"]
[BlackClock "00:41:43"]
[WhiteTeam "SC Erlangen"]
[BlackTeam "SC Eintracht Berlin"]
[PlyCount "68"]
[WhiteFideId "16267184"]
[BlackFideId "16210034"]
[EventCountry "GER"]
[EventRounds "7"]
[EventType "team-swiss"]
[EventDate "2016.12.27"]

1. e4 {[%clk 0:59:57]} d5 {[%clk 0:59:55]} 2. exd5 {[%clk 0:59:51]} Qxd5 {[%clk
0:59:46]} 3. Nc3 {[%clk 0:59:47]} Qa5 {[%clk 0:59:40]} 4. Bc4 {[%clk 0:59:33]}
c6 {[%clk 0:59:33]} 5. h3 {[%clk 0:59:13]} Bf5 {[%clk 0:59:23]} 6. d3 {[%clk
0:59:04]} Qc7 {[%clk 0:59:18]} 7. Nf3 {[%clk 0:58:43]} e6 {[%clk 0:59:09]} 8.
O-O {[%clk 0:58:07]} Nf6 {[%clk 0:59:00]} 9. Be3 {[%clk 0:57:35]} Bd6 {[%clk
0:58:54]} 10. Qd2 {[%clk 0:57:14]} Nbd7 {[%clk 0:58:47]} 11. Rfe1 {[%clk
0:56:09]} O-O {[%clk 0:58:27]} 12. Re2 {[%clk 0:55:19]} Ne5 {[%clk 0:56:15]}
13. Nxe5 {[%clk 0:54:21]} Bxe5 {[%clk 0:54:21]} 14. Rae1 {[%clk 0:53:18]} Bd6
{[%clk 0:53:15]} 15. Bg5 {[%clk 0:49:22]} Nd5 {[%clk 0:51:28]} 16. Ne4 {[%clk
0:48:22]} Bxe4 {[%clk 0:50:47]} 17. Rxe4 {[%clk 0:47:53]} Be7 {[%clk 0:50:06]}
18. Bxe7 Qxe7 {[%clk 0:49:29]} 19. Bb3 {[%clk 0:44:11]} Qd7 {[%clk 0:48:23]}
20. a3 {[%clk 0:38:09]} Rad8 {[%clk 0:47:56]} 21. Bxd5 {[%clk 0:35:33]} cxd5
{[%clk 0:47:32]} 22. Rd4 {[%clk 0:35:17]} Qb5 {[%clk 0:46:45]} 23. b4 {[%clk
0:33:07]} Rc8 {[%clk 0:46:15]} 24. Re5 {[%clk 0:31:59]} Qc6 {[%clk 0:45:08]}
25. c4 dxc4 {[%clk 0:44:40]} 26. dxc4 {[%clk 0:29:33]} Qc7 {[%clk 0:44:06]} 27.
Rc5 {[%clk 0:28:16]} Qb8 {[%clk 0:43:51]} 28. Rb5 {[%clk 0:25:19]} Rfd8 {[%clk
0:43:24]} 29. c5 {[%clk 0:23:30]} Rxd4 {[%clk 0:42:42]} 30. Qxd4 {[%clk
0:23:19]} Rd8 {[%clk 0:42:38]} 31. Rxb7 {[%clk 0:22:26]} Qc8 {[%clk 0:42:07]}
32. Qe4 {[%clk 0:21:14]} Rd5 {[%clk 0:41:49]} 33. Rxa7 {[%clk 0:20:50]} Qb8
{[%clk 0:41:43]} 34. Ra6 {[%clk 0:18:35]} Rd1+ 0-1

[Event "DVM U10 2016"]
[Site "Magdeburg GER"]
[Date "2016.12.29"]
[Round "7"]
[White "Isbilir, Levin"]
[Black "Beyer, Lorenz"]
[Result "0-1"]
[Termination "normal"]
[Board "5.4"]
[WhiteElo "931"]
[BlackElo "993"]
[WhiteClock "00:21:12"]
[BlackClock "00:37:04"]
[WhiteTeam "SC Erlangen"]
[BlackTeam "SC Eintracht Berlin"]
[PlyCount "152"]
[WhiteFideId "16267192"]
[BlackFideId "16245393"]
[EventCountry "GER"]
[EventRounds "7"]
[EventType "team-swiss"]
[EventDate "2016.12.27"]

1. e4 {[%clk 0:59:59]} e5 {[%clk 0:59:50]} 2. Nf3 {[%clk 0:59:55]} Nc6 {[%clk
0:59:46]} 3. Bc4 {[%clk 0:59:50]} Bc5 {[%clk 0:59:39]} 4. Nc3 {[%clk 0:59:45]}
d6 {[%clk 0:59:33]} 5. h3 {[%clk 0:59:38]} Nf6 {[%clk 0:59:24]} 6. d3 {[%clk
0:59:32]} h6 {[%clk 0:59:20]} 7. Be3 {[%clk 0:59:21]} Bxe3 {[%clk 0:59:15]} 8.
fxe3 {[%clk 0:59:12]} Qe7 {[%clk 0:58:48]} 9. Qd2 {[%clk 0:58:31]} Nh5 {[%clk
0:58:32]} 10. O-O-O {[%clk 0:58:03]} O-O {[%clk 0:58:16]} 11. Nd5 {[%clk
0:57:55]} Qd8 {[%clk 0:58:05]} 12. Rhg1 {[%clk 0:56:52]} Nf6 {[%clk 0:57:53]}
13. Nc3 {[%clk 0:56:23]} Na5 {[%clk 0:57:20]} 14. Bd5 {[%clk 0:56:00]} c6
{[%clk 0:57:08]} 15. Bb3 {[%clk 0:55:26]} Nxb3+ {[%clk 0:57:02]} 16. cxb3
{[%clk 0:55:03]} Be6 {[%clk 0:56:29]} 17. d4 {[%clk 0:53:45]} exd4 {[%clk
0:55:39]} 18. exd4 {[%clk 0:53:36]} Rc8 {[%clk 0:55:30]} 19. Qc2 {[%clk
0:52:58]} d5 {[%clk 0:55:12]} 20. e5 {[%clk 0:52:34]} Nd7 {[%clk 0:54:57]} 21.
g4 {[%clk 0:51:57]} f6 {[%clk 0:54:51]} 22. exf6 {[%clk 0:50:33]} Qxf6 {[%clk
0:54:42]} 23. Rgf1 {[%clk 0:49:57]} Qf4+ {[%clk 0:54:24]} 24. Nd2 {[%clk
0:49:19]} Qxd4 {[%clk 0:53:55]} 25. Rxf8+ {[%clk 0:46:24]} Rxf8 {[%clk
0:53:42]} 26. Ne2 {[%clk 0:45:12]} Qc5 {[%clk 0:53:20]} 27. Qxc5 {[%clk
0:44:46]} Nxc5 {[%clk 0:53:14]} 28. Nd4 {[%clk 0:44:00]} Rf2 {[%clk 0:52:56]}
29. Kb1 {[%clk 0:43:11]} Bf7 {[%clk 0:52:38]} 30. Nf1 {[%clk 0:42:12]} Bg6+
{[%clk 0:52:27]} 31. Ka1 {[%clk 0:40:52]} Kf7 {[%clk 0:50:02]} 32. h4 {[%clk
0:39:49]} Bc2 {[%clk 0:48:51]} 33. Nxc2 {[%clk 0:39:26]} Rxc2 {[%clk 0:48:44]}
34. Ne3 {[%clk 0:38:58]} Rh2 {[%clk 0:48:27]} 35. g5 {[%clk 0:38:26]} Rxh4
{[%clk 0:48:14]} 36. gxh6 {[%clk 0:37:47]} Rxh6 {[%clk 0:47:48]} 37. Ng4 {[%clk
0:36:53]} Rh4 {[%clk 0:47:17]} 38. Ne5+ {[%clk 0:35:33]} Ke6 {[%clk 0:46:50]}
39. Re1 {[%clk 0:34:58]} Re4 {[%clk 0:46:21]} 40. Rxe4 {[%clk 0:34:17]} Nxe4
{[%clk 0:46:14]} 41. Nd3 {[%clk 0:34:00]} g5 {[%clk 0:46:04]} 42. Kb1 {[%clk
0:33:13]} g4 {[%clk 0:45:53]} 43. Kc1 {[%clk 0:33:06]} g3 {[%clk 0:45:37]} 44.
Kd1 {[%clk 0:32:57]} g2 {[%clk 0:44:58]} 45. Nf4+ {[%clk 0:32:48]} Kf5 {[%clk
0:44:52]} 46. Nxg2 {[%clk 0:32:42]} Kg4 {[%clk 0:44:29]} 47. Ne3+ {[%clk
0:32:24]} Kf4 {[%clk 0:44:10]} 48. Ng2+ {[%clk 0:32:12]} Kg3 {[%clk 0:43:05]}
49. Ne3 {[%clk 0:31:47]} Kf3 {[%clk 0:42:39]} 50. Nf1 {[%clk 0:31:32]} d4
{[%clk 0:41:33]} 51. Kc2 {[%clk 0:30:41]} Nf2 {[%clk 0:40:59]} 52. Nd2+ {[%clk
0:30:22]} Ke2 {[%clk 0:40:39]} 53. Nc4 {[%clk 0:29:51]} d3+ {[%clk 0:40:16]}
54. Kc3 {[%clk 0:29:36]} Nd1+ {[%clk 0:39:57]} 55. Kb4 {[%clk 0:29:21]} d2
{[%clk 0:39:44]} 56. Nxd2 {[%clk 0:29:10]} Kxd2 {[%clk 0:39:38]} 57. Kc5 {[%clk
0:28:59]} Ne3 {[%clk 0:39:25]} 58. Kd6 {[%clk 0:28:43]} Nd5 {[%clk 0:38:41]}
59. Kd7 {[%clk 0:28:22]} Kc2 {[%clk 0:38:37]} 60. Kc8 {[%clk 0:28:02]} b5
{[%clk 0:38:35]} 61. Kb7 {[%clk 0:27:19]} c5 {[%clk 0:38:24]} 62. Kxa7 {[%clk
0:26:59]} Kxb2 {[%clk 0:38:19]} 63. Ka6 {[%clk 0:26:28]} b4 {[%clk 0:38:13]}
64. Kb5 {[%clk 0:26:16]} Kxa2 {[%clk 0:38:05]} 65. Kxc5 {[%clk 0:25:22]} Kxb3
{[%clk 0:38:02]} 66. Kxd5 {[%clk 0:25:03]} Kc3 {[%clk 0:38:00]} 67. Kc5 {[%clk
0:24:30]} b3 {[%clk 0:37:53]} 68. Kd5 {[%clk 0:24:03]} b2 {[%clk 0:37:46]} 69.
Ke5 {[%clk 0:23:54]} b1=Q {[%clk 0:37:41]} 70. Kd5 Qb4 71. Ke5 {[%clk 0:23:13]}
Kd3 {[%clk 0:37:26]} 72. Kd5 {[%clk 0:23:03]} Qb5+ {[%clk 0:37:22]} 73. Ke6
{[%clk 0:22:44]} Ke4 {[%clk 0:37:19]} 74. Kd6 {[%clk 0:21:56]} Qd5+ {[%clk
0:37:16]} 75. Kc7 {[%clk 0:21:24]} Qe6 {[%clk 0:37:10]} 76. Kb7 {[%clk
0:21:12]} Kd5 {[%clk 0:37:04]} 0-1

[Event "DVM U10 2016"]
[Site "Magdeburg GER"]
[Date "2016.12.29"]
[Round "7"]
[White "Schön, Florian"]
[Black "Pikalow, Michael"]
[Result "0-1"]
[Termination "normal"]
[Board "6.1"]
[WhiteElo "1152"]
[BlackElo "1441"]
[WhiteClock "00:24:01"]
[BlackClock "00:08:08"]
[WhiteTeam "BSG Grün-Weiß Leipzig"]
[BlackTeam "USC Magdeburg"]
[PlyCount "122"]
[WhiteFideId "16259394"]
[BlackFideId "16227638"]
[EventCountry "GER"]
[EventRounds "7"]
[EventType "team-swiss"]
[EventDate "2016.12.27"]

1. e4 {[%clk 0:59:59]} e6 {[%clk 0:59:53]} 2. d4 {[%clk 0:59:54]} d5 {[%clk
0:59:49]} 3. e5 {[%clk 0:59:37]} c5 {[%clk 0:59:40]} 4. c3 {[%clk 0:59:17]} Nc6
{[%clk 0:59:32]} 5. Nf3 {[%clk 0:59:13]} Bd7 {[%clk 0:59:22]} 6. Be3 {[%clk
0:58:52]} Qb6 {[%clk 0:59:01]} 7. Qb3 {[%clk 0:58:37]} Qc7 {[%clk 0:53:46]} 8.
Nbd2 {[%clk 0:56:35]} Nge7 {[%clk 0:50:38]} 9. Be2 {[%clk 0:55:26]} Nf5 {[%clk
0:50:24]} 10. O-O {[%clk 0:53:55]} cxd4 {[%clk 0:49:41]} 11. cxd4 {[%clk
0:53:18]} Bb4 {[%clk 0:45:56]} 12. Rfd1 {[%clk 0:51:28]} O-O {[%clk 0:45:18]}
13. Rac1 {[%clk 0:49:39]} Qb6 {[%clk 0:44:30]} 14. Nf1 {[%clk 0:45:46]} Nxe3
{[%clk 0:40:54]} 15. Nxe3 {[%clk 0:44:52]} f6 {[%clk 0:38:31]} 16. a3 {[%clk
0:43:55]} Ba5 {[%clk 0:36:58]} 17. Qxb6 {[%clk 0:43:31]} Bxb6 {[%clk 0:36:38]}
18. Ng4 {[%clk 0:42:05]} fxe5 {[%clk 0:35:16]} 19. Ngxe5 {[%clk 0:41:30]} Nxe5
{[%clk 0:34:32]} 20. Nxe5 {[%clk 0:41:01]} Ba4 {[%clk 0:34:02]} 21. Rd2 {[%clk
0:38:39]} Rac8 {[%clk 0:32:16]} 22. Rxc8 {[%clk 0:37:24]} Rxc8 {[%clk 0:32:01]}
23. h3 {[%clk 0:37:19]} Rc1+ {[%clk 0:30:16]} 24. Kh2 {[%clk 0:37:00]} Ba5
{[%clk 0:28:53]} 25. Rd3 {[%clk 0:36:09]} Bb5 {[%clk 0:24:30]} 26. Re3 {[%clk
0:35:54]} Bxe2 {[%clk 0:18:06]} 27. Rxe2 {[%clk 0:35:23]} Rd1 {[%clk 0:17:46]}
28. Rc2 {[%clk 0:34:59]} Kf8 {[%clk 0:15:07]} 29. Nf3 {[%clk 0:34:07]} Ke7
{[%clk 0:14:08]} 30. Re2 {[%clk 0:33:46]} h6 {[%clk 0:13:43]} 31. Nh4 {[%clk
0:33:34]} Bc7+ {[%clk 0:13:11]} 32. g3 {[%clk 0:33:15]} Kf6 {[%clk 0:12:56]}
33. Nf3 {[%clk 0:32:59]} Bb6 {[%clk 0:12:51]} 34. Rd2 {[%clk 0:32:49]} Rxd2
{[%clk 0:12:40]} 35. Nxd2 Bxd4 36. b3 {[%clk 0:32:12]} Bxf2 {[%clk 0:12:35]}
37. Kg2 {[%clk 0:32:07]} Bb6 {[%clk 0:12:26]} 38. Kf3 {[%clk 0:32:01]} e5
{[%clk 0:12:16]} 39. h4 {[%clk 0:31:39]} h5 {[%clk 0:12:07]} 40. b4 {[%clk
0:31:28]} Kf5 {[%clk 0:12:04]} 41. a4 {[%clk 0:30:39]} e4+ {[%clk 0:12:01]} 42.
Ke2 {[%clk 0:30:27]} Kg4 {[%clk 0:11:43]} 43. Nf1 {[%clk 0:30:16]} d4 {[%clk
0:11:38]} 44. Kd2 {[%clk 0:29:54]} Kf3 {[%clk 0:11:25]} 45. Ke1 {[%clk
0:29:44]} d3 {[%clk 0:11:13]} 46. a5 {[%clk 0:29:35]} Be3 {[%clk 0:10:40]} 47.
b5 {[%clk 0:29:23]} d2+ {[%clk 0:10:31]} 48. Nxd2+ {[%clk 0:28:58]} Bxd2+
{[%clk 0:10:19]} 49. Kxd2 {[%clk 0:28:52]} Kf2 {[%clk 0:10:18]} 50. Kd1 {[%clk
0:28:27]} e3 {[%clk 0:10:15]} 51. b6 {[%clk 0:28:17]} a6 {[%clk 0:10:08]} 52.
Kc2 {[%clk 0:28:10]} e2 {[%clk 0:10:03]} 53. Kc3 {[%clk 0:28:06]} e1=Q+ {[%clk
0:09:56]} 54. Kc4 {[%clk 0:26:36]} Qd2 {[%clk 0:09:35]} 55. Kc5 {[%clk
0:25:21]} Qd3 {[%clk 0:09:11]} 56. Kb4 {[%clk 0:25:12]} Qc2 {[%clk 0:08:57]}
57. g4 {[%clk 0:24:59]} Ke3 {[%clk 0:08:42]} 58. gxh5 {[%clk 0:24:53]} Kd3
{[%clk 0:08:30]} 59. h6 {[%clk 0:24:50]} Qc3+ {[%clk 0:08:24]} 60. Ka4 {[%clk
0:24:30]} Kc4 {[%clk 0:08:17]} 61. hxg7 {[%clk 0:24:01]} Qb4# {[%clk 0:08:08]}
0-1